| 000 | 01268nam a2200193 a 4500 | ||
|---|---|---|---|
| 008 | 190822s1995 xx |||||||||||||| || u | ||
| 020 | _a9780071132107 | ||
| 050 | _aQA 911 And | ||
| 100 | _aAnderson, John D | ||
| 245 | 1 | 0 |
_aComputational fluid dynamics: the basics with applications _cBy John D. Anderson |
| 260 |
_a _bMcGraw-Hill Education _c1995 |
||
| 300 | _axxiv, 547 pages : illustrations | ||
| 650 | 0 | _aCOMPUTATIONAL FLUID DYNAMICS | |
| 995 |
_aMAIN LIBRARY OPEN ACCESS _D58.00 _e749732 _FCBU-MAIN LIBRARY (Kitwe) _jQA 911 And _M4 _UAVAILABLE _WAug 26, 2019 _y749732 _ZMain Library Open Access Collection |
||
| 995 |
_aMAIN LIBRARY OPEN ACCESS _D58.00 _e749729 _FCBU-MAIN LIBRARY (Kitwe) _jQA 911 And _M2 _UAVAILABLE _WAug 26, 2019 _y749729 _ZMain Library Open Access Collection |
||
| 995 |
_aMAIN LIBRARY OPEN ACCESS _D58.00 _e749733 _FCBU-MAIN LIBRARY (Kitwe) _jQA 911 And _M3 _UAVAILABLE _WAug 26, 2019 _y749733 _ZMain Library Open Access Collection |
||
| 995 |
_aMAIN LIBRARY OPEN ACCESS _D58.00 _e749730 _FCBU-MAIN LIBRARY (Kitwe) _jQA 911 And _M1 _UAVAILABLE _WAug 26, 2019 _y749730 _ZMain Library Open Access Collection |
||
| 995 |
_aMAIN LIBRARY OPEN ACCESS _D58.00 _e749731 _FCBU-MAIN LIBRARY (Kitwe) _jQA 911 And _M5 _UAVAILABLE _WAug 26, 2019 _y749731 _ZMain Library Open Access Collection |
||
| 999 |
_c79638 _d79638 |
||